| 000 | 01138nam a22003377a 4500 | ||
|---|---|---|---|
| 003 | CHAP | ||
| 005 | 20220817042051.0 | ||
| 008 | 971013s1982 br r 00010 spa d | ||
| 010 | _a33553 | ||
| 011 | _a34525 | ||
| 035 | _a38641 | ||
| 040 | _cCHAP | ||
| 082 | 0 | 4 |
_a581.55724 _bE5 |
| 110 | 2 | _aEmpresa Brasileira de Pesquisa Agropecuaria | |
| 245 | 1 | _aBibliografía internacional de micorriza | |
| 260 |
_aBrasilia : _b(s.e.), _c1982 |
||
| 300 | _a2 v. | ||
| 505 | 0 | _aContenido : v.1 Micorriza y Ectomicorriza .- v.2 Endomicoriiza | |
| 590 |
_aBATCH-UPD _b10 _c20130110 _lUCH01 _h0032 |
||
| 590 |
_aBATCH-UPD _b10 _c20130110 _lUCH01 _h2207 |
||
| 590 |
_aBATCH-UPD _b10 _c20130410 _lUCH01 _h1512 |
||
| 590 |
_aBATCH-UPD _b10 _c20130914 _lUCH01 _h1816 |
||
| 590 |
_aCONVERSION _b10 _c20130109 _lUCH01 _h1319 |
||
| 650 | 1 | 4 |
_aMicorriza _xBibliografía. _975487 |
| 700 | 0 |
_aMéndez, Marcio Castrillón. _976611 |
|
| 700 | 0 |
_aVasconcelos, Eli de Lourdes. _9118175 |
|
| 901 | _aBK | ||
| 942 | _cLIBRO | ||
| 949 |
_a581.55724 E5 _bBC _cC _d33724000524773 _eC _fv.2 _i38641 _si |
||
| 949 |
_a581.55724 E5 _bBC _cC _d33724000524781 _eC _fv.1 _h62091 _i38641 _si |
||
| 999 |
_c33553 _d33553 |
||